| 000 | 00653nam a2200217 a 4500 | ||
|---|---|---|---|
| 005 | 20250627063841.0 | ||
| 008 | 081108s1998 mx r 000 0 spa d | ||
| 020 | _a9701811313 | ||
| 035 | _aUPN01000165852 | ||
| 049 | _aUNE | ||
| 080 | _a7.025 (726.1) "1998" PAS. | ||
| 100 | 1 | _aPascual Soto, Arturo | |
| 245 | 1 | 3 |
_aEl Arte en tierras de el Tajín / _cArturo Pascual Soto. |
| 260 |
_aMéxico : _bConsejo Nacional para la Cultura y las Artes ; Círculo de Arte / _c1998. |
||
| 300 |
_a71 p. ; _bil. |
||
| 440 | 0 | _aCírculo de Arte | |
| 690 |
_aPatrimonio cultural _919284 |
||
| 690 | _aArtes | ||
| 690 | _aMéxico (Veracruz) | ||
| 905 | _aUNESCO | ||
| 999 |
_c137964 _d137964 |
||